00447 a2200169 450000500170000000800410001702000270005804000090008508200190009410000180011324500430013126000320017430000130020665000150021965000230023465000200025720250328113722.0250328b |||||||| |||| 00| 0 eng d a9781680954715c$ 79.95 aMAIN a658.472bT413B a3G E-Learing  aBusiness analytics for human resources b3G E-Learningc2017a[n.p.] axii, 228 aManagement aBusiness Analytics aHuman Resources